[Event "Mitropa Cup 10th"]
[Site "Arandjelovac"]
[Date "1985.??.??"]
[Round "5"]
[White "Mantovani, Renzo"]
[Black "Brunner, Lucas"]
[Result "0-1"]
[WhiteElo "2300"]
[BlackElo "2395"]
[PlyCount "92"]
[EventDate "1985.09.22"]
[EventType "team-tourn"]
[EventRounds "7"]
[EventCountry "YUG"]
[Source "ChessBase"]
[SourceDate "2000.11.22"]

1. e4 e6 2. d4 d5 3. Nc3 Bb4 4. Nge2 dxe4 5. a3 Bxc3+ 6. Nxc3 Nc6 7. Bb5 Nge7
8. Nxe4 a6 9. Bxc6+ Nxc6 10. Be3 Qd5 11. Qd3 Bd7 12. O-O Ne7 13. c4 Qf5 14.
Rfd1 Bc6 15. Nc3 Qxd3 16. Rxd3 O-O-O 17. Rad1 Nf5 18. f3 Rd7 19. Kf2 b6 20. b3
h6 21. a4 a5 22. g4 Nh4 23. d5 Rhd8 24. Kg3 Ng6 25. d6 Ne5 26. dxc7 Kxc7 27.
Rxd7+ Rxd7 28. Bf4 Rxd1 29. Bxe5+ Rd6 30. Ne2 f6 31. Bxd6+ Kxd6 32. Nf4 Be8 33.
Kf2 e5 34. Nd5 Kc5 35. Ke3 Bf7 36. Nc3 Kb4 37. Nd5+ Kxb3 38. Nxb6 Bxc4 39. f4
exf4+ 40. Kxf4 Be6 41. h4 g5+ 42. Kg3 Kb4 43. Na8 Kxa4 44. h5 Kb4 45. Nc7 Bf7
46. Na6+ Kb5 0-1

[Event "Mitropa Cup 10th"]
[Site "Arandjelovac"]
[Date "1985.??.??"]
[Round "5"]
[White "Messa, Roberto"]
[Black "Fleck, Juergen"]
[Result "0-1"]
[WhiteElo "2385"]
[BlackElo "2390"]
[PlyCount "74"]
[EventDate "1985.09.22"]
[EventType "team-tourn"]
[EventRounds "7"]
[EventCountry "YUG"]
[Source "ChessBase"]
[SourceDate "2000.11.22"]

1. e4 Nf6 2. e5 Nd5 3. d4 d6 4. Nf3 Nc6 5. c4 Nb6 6. e6 fxe6 7. Ng5 g6 8. Bd3
Nxd4 9. Nxh7 Bg7 10. Qg4 Kd7 11. Ng5 Qg8 12. Nc3 c5 13. Be3 Nf5 14. Bd2 Rh4 15.
Qd1 Kd8 16. Nge4 Qh8 17. h3 Bh6 18. Ng5 Qe5+ 19. Ne2 Qf6 20. f4 Bxg5 21. fxg5
Qe5 22. O-O Nxc4 23. Qe1 Nxd2 24. Bxf5 Nxf1 25. Qxh4 exf5 26. Kxf1 Bd7 27. Re1
Bb5 28. Qh6 Qf4+ 29. Kg1 Qe3+ 30. Kf1 Qf4+ 31. Kg1 Qe3+ 32. Kf1 Kd7 33. Qxg6
Rf8 34. Qg7 Qf4+ 35. Kg1 Qe3+ 36. Kh2 Qe5+ 37. Ng3 $4 Qxg7 0-1

[Event "Mitropa Cup 10th"]
[Site "Arandjelovac"]
[Date "1985.??.??"]
[Round "5"]
[White "Miralles, Gilles"]
[Black "Stull, Norbert"]
[Result "1-0"]
[WhiteElo "2370"]
[BlackElo "2205"]
[PlyCount "67"]
[EventDate "1985.09.22"]
[EventType "team-tourn"]
[EventRounds "7"]
[EventCountry "YUG"]
[Source "ChessBase"]
[SourceDate "2000.11.22"]

1. d4 Nf6 2. c4 g6 3. Nc3 Bg7 4. e4 d6 5. f3 O-O 6. Be3 Nc6 7. Nge2 Rb8 8. Qd2
a6 9. h4 b5 10. h5 e5 11. d5 Na5 12. Ng3 b4 13. Nd1 c6 14. Nf2 cxd5 15. cxd5
Ne8 16. hxg6 fxg6 17. Be2 Nc7 18. Rc1 Bd7 19. Nd3 Nb5 20. Nxb4 Nd4 21. Nc6 Bxc6
22. dxc6 Qb6 23. Kf2 Rfc8 24. c7 Rb7 25. b4 Nac6 26. Bc4+ Kf8 27. Rxh7 Rbxc7
28. Be6 Re8 29. Bd5 Rec8 30. a3 a5 31. Rch1 Nd8 32. Rxg7 Rxg7 33. Ne2 Rgc7 34.
Bxd4 1-0

[Event "Mitropa Cup 10th"]
[Site "Arandjelovac"]
[Date "1985.??.??"]
[Round "5"]
[White "Zueger, Beat"]
[Black "Simic, Radoslav"]
[Result "1/2-1/2"]
[WhiteElo "2435"]
[BlackElo "2455"]
[PlyCount "62"]
[EventDate "1985.09.22"]
[EventType "team-tourn"]
[EventRounds "7"]
[EventCountry "YUG"]
[Source "ChessBase"]
[SourceDate "2000.11.22"]

1. c4 e6 2. d4 d5 3. Nf3 Nf6 4. Nc3 Be7 5. Bg5 Nbd7 6. Qc2 a6 7. cxd5 exd5 8.
e3 O-O 9. Bd3 Re8 10. O-O-O c6 11. g4 Nxg4 12. Bxh7+ Kh8 13. h4 Nxf2 14. Qxf2
Kxh7 15. Rdg1 Kh8 16. Bh6 gxh6 17. Ng5 Rf8 18. Qf4 Bd6 19. Qxd6 Qf6 20. Qg3 Nb6
21. Rf1 Qg7 22. Qc7 Nd7 23. Rfg1 hxg5 24. hxg5+ Kg8 25. Qh2 Re8 26. Rg3 Nf8 27.
Ne2 Qh7 28. Qg2 Qe4 29. Qh2 Qh7 30. Qg2 Qe4 31. Qh2 Qh7 1/2-1/2

[Event "Mitropa Cup 10th"]
[Site "Arandjelovac"]
[Date "1985.??.??"]
[Round "6"]
[White "Belotti, Bruno"]
[Black "Zueger, Beat"]
[Result "1/2-1/2"]
[WhiteElo "2355"]
[BlackElo "2435"]
[PlyCount "54"]
[EventDate "1985.09.22"]
[EventType "team-tourn"]
[EventRounds "7"]
[EventCountry "YUG"]
[Source "ChessBase"]
[SourceDate "2000.11.22"]

1. e4 c5 2. Nf3 Nc6 3. d4 cxd4 4. Nxd4 Nf6 5. Nc3 d6 6. Bg5 e6 7. Qd2 a6 8.
O-O-O h6 9. Be3 Nxd4 10. Bxd4 b5 11. f3 Be7 12. Kb1 Qa5 13. Qf2 Rb8 14. Bd3 b4
15. Ne2 e5 16. Be3 d5 17. Qg3 dxe4 18. fxe4 g6 19. Rhf1 Be6 20. b3 Nd7 21. h4
Qd8 22. h5 g5 23. Qf2 a5 24. Ng3 a4 25. Nf5 Rh7 26. Qe2 Qc7 27. Bb5 a3 1/2-1/2

[Event "Mitropa Cup 10th"]
[Site "Arandjelovac"]
[Date "1985.??.??"]
[Round "6"]
[White "Nikolic, Zivoslav"]
[Black "Birmingham, Eric"]
[Result "1-0"]
[WhiteElo "2450"]
[BlackElo "2340"]
[PlyCount "79"]
[EventDate "1985.09.22"]
[EventType "team-tourn"]
[EventRounds "7"]
[EventCountry "YUG"]
[Source "ChessBase"]
[SourceDate "2000.11.22"]

1. d4 Nf6 2. Nf3 c5 3. d5 g6 4. c4 b5 5. cxb5 a6 6. bxa6 Bxa6 7. Nc3 d6 8. e4
Bxf1 9. Kxf1 Bg7 10. g3 O-O 11. Kg2 Nbd7 12. Re1 Qa5 13. Re2 Rfb8 14. Rc2 Ra7
15. h3 Rab7 16. Qe2 Ne8 17. Bg5 Nb6 18. Rd1 e6 19. dxe6 fxe6 20. Bf4 Rd8 21.
Ng5 Re7 22. h4 h6 23. Nh3 Kh7 24. Bc1 Nd7 25. Nf4 Ne5 26. Rh1 Nf6 27. h5 g5 28.
Ng6 Nxg6 29. hxg6+ Kxg6 30. f4 Qa8 31. fxg5 hxg5 32. Qe3 Kf7 33. Rf2 Ke8 34.
Qxg5 Rf7 35. Qg6 Ke7 36. Bg5 Rg8 37. Rh7 Qf8 38. e5 dxe5 39. Ne4 Bh8 40. Bxf6+
1-0

[Event "Mitropa Cup 10th"]
[Site "Arandjelovac"]
[Date "1985.??.??"]
[Round "6"]
[White "Roos, Daniel"]
[Black "Dizdarevic, Emir"]
[Result "1/2-1/2"]
[WhiteElo "2330"]
[BlackElo "2455"]
[PlyCount "47"]
[EventDate "1985.09.22"]
[EventType "team-tourn"]
[EventRounds "7"]
[EventCountry "YUG"]
[Source "ChessBase"]
[SourceDate "2000.11.22"]

1. Nf3 Nf6 2. g3 b6 3. Bg2 Bb7 4. O-O e6 5. c4 c5 6. b3 Be7 7. Bb2 O-O 8. Nc3
d6 9. d4 cxd4 10. Qxd4 Nbd7 11. Ng5 Bxg2 12. Kxg2 Qc7 13. Rfd1 a6 14. Nge4 Rad8
15. f3 Ne8 16. Rac1 Qb7 17. Rc2 h6 18. Nf2 Nef6 19. Nce4 Nc5 20. Nxf6+ Bxf6 21.
Qf4 Bg5 22. Qd4 Bf6 23. Qf4 Bg5 24. Qd4 1/2-1/2

[Event "Mitropa Cup 10th"]
[Site "Arandjelovac"]
[Date "1985.??.??"]
[Round "6"]
[White "Ruefenacht, Matthias"]
[Black "Mantovani, Renzo"]
[Result "1/2-1/2"]
[WhiteElo "2265"]
[BlackElo "2300"]
[PlyCount "90"]
[EventDate "1985.09.22"]
[EventType "team-tourn"]
[EventRounds "7"]
[EventCountry "YUG"]
[Source "ChessBase"]
[SourceDate "2000.11.22"]

1. e4 c5 2. Nc3 Nc6 3. Nge2 Nf6 4. d4 cxd4 5. Nxd4 d6 6. Bc4 Qb6 7. Ndb5 a6 8.
Be3 Qa5 9. Nd4 g6 10. O-O Bg7 11. Be2 O-O 12. Nb3 Qc7 13. f4 b5 14. Bf3 Be6 15.
Nd5 Bxd5 16. exd5 Na5 17. Nxa5 Qxa5 18. Bd4 Qb4 19. a3 Qc4 20. c3 Nd7 21. Re1
Nc5 22. Be2 Qb3 23. Bxc5 Qxd1 24. Bxd1 dxc5 25. Rxe7 b4 26. axb4 cxb4 27. cxb4
Bxb2 28. Ra4 Rfc8 29. Kf2 Rab8 30. Kg3 Rb6 31. Ra7 Rc4 32. R7xa6 Rxa6 33. Rxa6
Rxb4 34. d6 Rd4 35. Ba4 Bc1 36. d7 Bxf4+ 37. Kf3 Bg5 38. g3 h5 39. Ra5 Bf6 40.
Ke3 Rd6 41. Ke4 Rd4+ 42. Ke3 Rd6 43. Ke4 Rd4+ 44. Ke3 Rd6 45. Ke4 Rd4+ 1/2-1/2

[Event "Mitropa Cup 10th"]
[Site "Arandjelovac"]
[Date "1985.??.??"]
[Round "6"]
[White "Sharif, Mershad"]
[Black "Djuric, Stefan"]
[Result "1-0"]
[WhiteElo "2430"]
[BlackElo "2485"]
[PlyCount "53"]
[EventDate "1985.09.22"]
[EventType "team-tourn"]
[EventRounds "7"]
[EventCountry "YUG"]
[Source "ChessBase"]
[SourceDate "2000.11.22"]

1. e4 c5 2. Nf3 e6 3. d4 cxd4 4. Nxd4 a6 5. Bd3 Nc6 6. Nxc6 bxc6 7. O-O d5 8.
c4 Nf6 9. cxd5 cxd5 10. exd5 Qxd5 11. Nc3 Qc6 12. Bc2 Qc7 13. Qf3 Bb7 14. Ba4+
Nd7 15. Bf4 Bxf3 16. Bxc7 Rc8 17. Bg3 Bc6 18. Rac1 Nb6 19. Bxc6+ Rxc6 20. Ne4
Nc4 21. Rc2 f5 22. Rfc1 fxe4 23. Rxc4 Rxc4 24. Rxc4 Kd7 25. Rc7+ Kd8 26. Ra7 h5
27. Rxa6 1-0

[Event "Mitropa Cup 10th"]
[Site "Arandjelovac"]
[Date "1985.??.??"]
[Round "6"]
[White "Simic, Radoslav"]
[Black "Miralles, Gilles"]
[Result "1/2-1/2"]
[WhiteElo "2455"]
[BlackElo "2370"]
[PlyCount "233"]
[EventDate "1985.09.22"]
[EventType "team-tourn"]
[EventRounds "7"]
[EventCountry "YUG"]
[Source "ChessBase"]
[SourceDate "2000.11.22"]

1. d4 Nf6 2. Nf3 e6 3. g3 b5 4. c3 Bb7 5. Qd3 b4 6. Bg5 c5 7. Bg2 bxc3 8. Nxc3
cxd4 9. Qxd4 Be7 10. O-O O-O 11. e4 h6 12. Bxf6 Bxf6 13. e5 Be7 14. Rfd1 f6 15.
Ne4 f5 16. Nc3 Qa5 17. Nd2 Bxg2 18. Kxg2 Qc7 19. Nc4 Rc8 20. b3 Qb7+ 21. Kg1
Rc7 22. Qd3 Nc6 23. Qf3 Rf8 24. Ne2 Qb5 25. Nf4 Bc5 26. Ng6 Rb8 27. Rd3 Kh7 28.
Qh5 Bd4 29. Re1 Qc5 30. Re2 Nb4 31. Rd1 Nc6 32. g4 fxg4 33. Qxg4 d5 34. exd6
Rf7 35. Nf4 e5 36. Nd3 Qd5 37. Qe4+ Qxe4 38. Rxe4 Rf5 39. Rc1 Rbf8 40. Ne3 Rg5+
41. Kf1 Nb8 42. Rc7 Bb6 43. Rb7 Nc6 44. Nc4 Nb4 45. Ncxe5 Nxd3 46. Nxd3 Rd5 47.
Ree7 Rg8 48. Ne5 Rxd6 49. Nc4 Rd1+ 50. Kg2 Bc5 51. Red7 Rxd7 52. Rxd7 Rf8 53.
f3 Rf6 54. Rd5 Rg6+ 55. Kh3 Bf2 56. f4 Rg1 57. Rd2 Bc5 58. Rg2 Rf1 59. Kg3 Kg6
60. Re2 Kf6 61. Nd2 Rg1+ 62. Kf3 Bb6 63. Ne4+ Kf5 64. Ng3+ Kf6 65. h4 g6 66. h5
g5 67. Rc2 gxf4 68. Kxf4 Ke6 69. Kf3 Kd5 70. Rc4 Ra1 71. Ra4 Rd1 72. Ke2 Rg1
73. Kf3 Rd1 74. Ke2 Rg1 75. Nf5 Rg5 76. Nxh6 Rxh5 77. Ng4 Rh3 78. Nf6+ Ke6 79.
Ne4 Kd5 80. Ng5 Rg3 81. Nf3 Rg7 82. Ne1 Rh7 83. Rg4 Re7+ 84. Kd2 Re4 85. Rxe4
Kxe4 86. Kc3 Kd5 87. Kb4 Kc6 88. Nd3 Bd4 89. Ka5 Kb7 90. Nb4 Bg1 91. Kb5 Bh2
92. Na6 Bg1 93. b4 Bf2 94. a3 Bg1 95. a4 Bf2 96. Nc5+ Ka8 97. Kc6 Be1 98. Na6
Bg3 99. b5 Bf4 100. a5 Bg3 101. Nc5 Bh2 102. Kd7 Bg1 103. Ne6 Kb7 104. Nd8+ Kb8
105. Kc6 Bf2 106. Nb7 Be1 107. a6 Bf2 108. Kd7 Bb6 109. Nd6 Bd4 110. Nf7 Bg1
111. Ne5 Bf2 112. Nc6+ Ka8 113. Kc8 Bg1 114. Ne7 Bh2 115. Nd5 Bg3 116. Nc7+
Bxc7 117. Kxc7 1/2-1/2

[Event "Mitropa Cup 10th"]
[Site "Arandjelovac"]
[Date "1985.??.??"]
[Round "6"]
[White "Stull, Norbert"]
[Black "Roth, Peter"]
[Result "1/2-1/2"]
[WhiteElo "2205"]
[BlackElo "2310"]
[PlyCount "51"]
[EventDate "1985.09.22"]
[EventType "team-tourn"]
[EventRounds "7"]
[EventCountry "YUG"]
[Source "ChessBase"]
[SourceDate "2000.11.22"]

1. d4 Nf6 2. Nf3 g6 3. c4 c5 4. Nc3 cxd4 5. Nxd4 Bg7 6. e4 d6 7. Be2 O-O 8. O-O
Nc6 9. Be3 Bd7 10. Qd2 Rc8 11. f3 a6 12. Rac1 Re8 13. Rfd1 Qa5 14. Nb3 Qh5 15.
Nd5 Nxd5 16. cxd5 Nb8 17. Rxc8 Bxc8 18. Rc1 f5 19. f4 (19. Bg5 $1 fxe4 20. Rxc8
$1 Rxc8 21. f4 $1 $18) 19... Qh4 20. g3 Qh3 21. Bf1 Qh5 22. e5 dxe5 23. Be2 Qh3
24. Bf1 Qh5 25. Be2 Qh3 26. Bf1 1/2-1/2

[Event "Mitropa Cup 10th"]
[Site "Arandjelovac"]
[Date "1985.??.??"]
[Round "6"]
[White "Wirthensohn, Heinz"]
[Black "Messa, Roberto"]
[Result "1-0"]
[WhiteElo "2425"]
[BlackElo "2385"]
[PlyCount "73"]
[EventDate "1985.09.22"]
[EventType "team-tourn"]
[EventRounds "7"]
[EventCountry "YUG"]
[Source "ChessBase"]
[SourceDate "2000.11.22"]

1. d4 d5 2. c4 e6 3. Nf3 Nf6 4. Nc3 Be7 5. Bg5 O-O 6. e3 h6 7. Bxf6 Bxf6 8.
cxd5 exd5 9. b4 Re8 10. Be2 Bf5 11. O-O c6 12. Qb3 Nd7 13. Rfc1 Be7 14. b5 g5
15. Na4 g4 16. Ne1 Rb8 17. bxc6 bxc6 18. Qd1 Nf6 19. Rxc6 Bd6 20. Nc5 Rb6 21.
Rxb6 axb6 22. Ncd3 Qb8 23. g3 h5 24. Ng2 Be4 25. Ndf4 Ba3 26. Qb3 Qd6 27. Bd3
Rc8 28. Nh4 Bxd3 29. Qxd3 Ne4 30. Nf5 Qd7 31. Nh6+ Kg7 32. Qxa3 Kxh6 33. Rc1
Rxc1+ 34. Qxc1 Ng5 35. Qb1 Qc6 36. Kg2 Nf3 37. Qf5 1-0

[Event "Mitropa Cup 10th"]
[Site "Arandjelovac"]
[Date "1985.??.??"]
[Round "7"]
[White "Belotti, Bruno"]
[Black "Miralles, Gilles"]
[Result "1/2-1/2"]
[WhiteElo "2355"]
[BlackElo "2370"]
[PlyCount "50"]
[EventDate "1985.09.22"]
[EventType "team-tourn"]
[EventRounds "7"]
[EventCountry "YUG"]
[Source "ChessBase"]
[SourceDate "2000.11.22"]

1. d4 Nf6 2. c4 c5 3. d5 b5 4. a4 bxc4 5. Nc3 d6 6. e4 g6 7. Bxc4 Bg7 8. Nf3
O-O 9. O-O Nfd7 10. h3 Na6 11. Bg5 h6 12. Bh4 Nb4 13. Re1 Ne5 14. Nxe5 Bxe5 15.
Qd2 g5 16. Bg3 Bxg3 17. fxg3 f6 18. g4 Na6 19. Bxa6 Bxa6 20. Nd1 Rb8 21. Ne3
Bc8 22. Qe2 Rb4 23. Nf5 Bxf5 24. gxf5 Kh7 25. Rec1 Qb8 1/2-1/2

[Event "Mitropa Cup 10th"]
[Site "Arandjelovac"]
[Date "1985.??.??"]
[Round "7"]
[White "Brunner, Lucas"]
[Black "Ruefenacht, Matthias"]
[Result "1/2-1/2"]
[WhiteElo "2395"]
[BlackElo "2265"]
[PlyCount "57"]
[EventDate "1985.09.22"]
[EventType "team-tourn"]
[EventRounds "7"]
[EventCountry "YUG"]
[Source "ChessBase"]
[SourceDate "2000.11.22"]

1. Nf3 c5 2. c4 Nc6 3. e3 Nf6 4. Nc3 d5 5. cxd5 Nxd5 6. d4 e6 7. Bd3 Be7 8. O-O
O-O 9. a3 Nxc3 10. bxc3 b6 11. Qe2 Bb7 12. Bb2 Bf6 13. Rad1 Qc7 14. e4 g6 15.
e5 Bg7 16. Ng5 Rad8 17. Qe3 Ne7 18. Qh3 h6 19. Ne4 Bxe4 20. Bxe4 Rd7 21. f4
Rfd8 22. Qf3 b5 23. Kh1 Qb6 24. g4 a5 25. Rg1 b4 26. dxc5 Qxc5 27. cxb4 axb4
28. Rxd7 Rxd7 29. Rc1 1/2-1/2

[Event "Mitropa Cup 10th"]
[Site "Arandjelovac"]
[Date "1985.??.??"]
[Round "7"]
[White "Djuric, Stefan"]
[Black "Wittmann, Walter"]
[Result "1/2-1/2"]
[WhiteElo "2485"]
[BlackElo "2385"]
[PlyCount "59"]
[EventDate "1985.09.22"]
[EventType "team-tourn"]
[EventRounds "7"]
[EventCountry "YUG"]
[Source "ChessBase"]
[SourceDate "2000.11.22"]

1. d4 Nf6 2. c4 g6 3. g3 Bg7 4. Bg2 d5 5. cxd5 Nxd5 6. Nf3 O-O 7. O-O c5 8.
dxc5 Na6 9. Ng5 Ndb4 10. Nc3 h6 11. Nf3 Qxd1 12. Rxd1 Be6 13. Ne1 Nxc5 14. Be3
Rac8 15. Bd4 Bxd4 16. Rxd4 Nc6 17. Rd2 Rfd8 18. Rxd8+ Nxd8 19. Rd1 Nc6 20. Nc2
Rd8 21. Rxd8+ Nxd8 22. b4 Na6 23. f4 Kf8 24. Kf2 Ke8 25. e4 f6 26. Ke3 Kf7 27.
h4 Nc7 28. Bf3 Bd7 29. h5 g5 30. Be2 1/2-1/2

[Event "Mitropa Cup 10th"]
[Site "Arandjelovac"]
[Date "1985.??.??"]
[Round "7"]
[White "Fleck, Juergen"]
[Black "Wirthensohn, Heinz"]
[Result "1/2-1/2"]
[WhiteElo "2390"]
[BlackElo "2425"]
[PlyCount "27"]
[EventDate "1985.09.22"]
[EventType "team-tourn"]
[EventRounds "7"]
[EventCountry "YUG"]
[Source "ChessBase"]
[SourceDate "2000.11.22"]

1. e4 c5 2. Nf3 Nc6 3. Nc3 e6 4. d4 cxd4 5. Nxd4 d6 6. Be3 Nf6 7. f4 e5 8. fxe5
dxe5 9. Ndb5 Qa5 10. a3 Be6 11. b4 Qd8 12. Qxd8+ Kxd8 13. O-O-O+ Kc8 14. Nd6+
1/2-1/2

[Event "Mitropa Cup 10th"]
[Site "Arandjelovac"]
[Date "1985.??.??"]
[Round "7"]
[White "Hofmann, Michael"]
[Black "Schuh, Hubert"]
[Result "1/2-1/2"]
[WhiteElo "2210"]
[BlackElo "2300"]
[PlyCount "37"]
[EventDate "1985.09.22"]
[EventType "team-tourn"]
[EventRounds "7"]
[EventCountry "YUG"]
[Source "ChessBase"]
[SourceDate "2000.11.22"]

1. d4 Nf6 2. Nf3 g6 3. Bg5 Bg7 4. Nbd2 O-O 5. c3 d6 6. e4 h6 7. Bxf6 exf6 8.
Bd3 f5 9. exf5 Re8+ 10. Kf1 gxf5 11. Qc2 Qf6 12. g3 f4 13. Kg2 Bg4 14. Rhe1 Nd7
15. Nh4 Qg5 16. Ndf3 Qh5 17. Qa4 fxg3 18. hxg3 a6 19. Nd2 1/2-1/2

[Event "Mitropa Cup 10th"]
[Site "Arandjelovac"]
[Date "1985.??.??"]
[Round "7"]
[White "Mantovani, Renzo"]
[Black "Roos, Daniel"]
[Result "1/2-1/2"]
[WhiteElo "2300"]
[BlackElo "2330"]
[PlyCount "84"]
[EventDate "1985.09.22"]
[EventType "team-tourn"]
[EventRounds "7"]
[EventCountry "YUG"]
[Source "ChessBase"]
[SourceDate "2000.11.22"]

1. e4 c6 2. Nf3 d5 3. Nc3 dxe4 4. Nxe4 Nf6 5. Nxf6+ gxf6 6. Bc4 Bf5 7. Nh4 Bg6
8. f4 f5 9. d4 e6 10. g3 Nd7 11. Be3 Be7 12. Ng2 Nf6 13. Be2 Ne4 14. Qd3 h5 15.
O-O-O h4 16. Kb1 Qc7 17. Bf3 h3 18. Ne1 O-O-O 19. Qe2 Nf6 20. Nd3 Bh5 21. Bxh5
Rxh5 22. Ne5 Rh7 23. Rd3 Bd6 24. Rhd1 Ne4 25. c4 Rhh8 26. Nf3 Be7 27. d5 c5 28.
Nd2 Nf6 29. Nf3 Ne4 30. Bc1 Rhe8 31. dxe6 fxe6 32. Rxd8+ Rxd8 33. Rxd8+ Qxd8
34. Ng1 Qh8 35. Nf3 Qh5 36. Qf1 Bf6 37. Ng1 Bd4 38. Nxh3 Kd7 39. a3 Nd6 40. Ka2
Nxc4 41. Qxc4 Qxh3 42. Qb5+ Kc7 1/2-1/2

[Event "Mitropa Cup 10th"]
[Site "Arandjelovac"]
[Date "1985.??.??"]
[Round "7"]
[White "Messa, Roberto"]
[Black "Sharif, Mershad"]
[Result "1/2-1/2"]
[WhiteElo "2385"]
[BlackElo "2430"]
[PlyCount "22"]
[EventDate "1985.09.22"]
[EventType "team-tourn"]
[EventRounds "7"]
[EventCountry "YUG"]
[Source "ChessBase"]
[SourceDate "2000.11.22"]

1. e4 e5 2. Nf3 Nc6 3. Bb5 a6 4. Ba4 Nf6 5. O-O Be7 6. Re1 b5 7. Bb3 d6 8. c3
O-O 9. h3 Be6 10. a4 Bxb3 11. Qxb3 Na5 1/2-1/2

[Event "Mitropa Cup 10th"]
[Site "Arandjelovac"]
[Date "1985.??.??"]
[Round "7"]
[White "Nikolic, Zivoslav"]
[Black "Titz, Heimo"]
[Result "1/2-1/2"]
[WhiteElo "2450"]
[BlackElo "2330"]
[PlyCount "134"]
[EventDate "1985.09.22"]
[EventType "team-tourn"]
[EventRounds "7"]
[EventCountry "YUG"]
[Source "ChessBase"]
[SourceDate "2000.11.22"]

1. d4 Nf6 2. Nf3 e6 3. Bg5 c5 4. e3 Qb6 5. Qc1 Nc6 6. c3 d5 7. Nbd2 Bd7 8. Bd3
Rc8 9. Qb1 cxd4 10. exd4 h6 11. Bf4 Nh5 12. Be5 Nxe5 13. Nxe5 Nf4 14. Nxd7 Kxd7
15. O-O Bd6 16. Bc2 Ke7 17. Re1 Nh5 18. Nf3 Nf6 19. Bd3 Qc7 20. g3 a6 21. Qd1
h5 22. Nh4 g5 23. Nf5+ Kf8 24. Nxd6 Qxd6 25. Re5 g4 26. Qb3 Rc7 27. Re2 Ke7 28.
Rae1 Kd8 29. Qd1 Kc8 30. Qd2 Qf8 31. Qg5 Qh6 32. Qxh6 Rxh6 33. f4 gxf3 34. Rf2
Kd7 35. Rxf3 Rc8 36. h3 Ke7 37. Ref1 Rf8 38. Rf4 Ne8 39. b3 Rf6 40. c4 Rxf4 41.
Rxf4 dxc4 42. bxc4 Nf6 43. Kf2 Rg8 44. c5 Rb8 45. Ke2 b5 46. cxb6 Rxb6 47. Bc4
Rb2+ 48. Ke3 a5 49. Rf2 Rxf2 50. Kxf2 Ne4+ 51. Kg2 Kd6 52. a3 f5 53. h4 Nd2 54.
Ba2 a4 55. Kf2 Nb3 56. Ke3 Kc6 57. Bb1 Kd5 58. Bc2 Na5 59. Bxa4 Nc4+ 60. Kf4
Nxa3 61. Bb3+ Kd6 62. Bd1 Nb5 63. Ke3 e5 64. dxe5+ Kxe5 65. Bxh5 Nd4 66. Bf7
Nc2+ 67. Kd3 Nd4 1/2-1/2

[Event "Mitropa Cup 10th"]
[Site "Arandjelovac"]
[Date "1985.??.??"]
[Round "7"]
[White "Roth, Peter"]
[Black "Dizdarevic, Emir"]
[Result "1/2-1/2"]
[WhiteElo "2310"]
[BlackElo "2455"]
[PlyCount "129"]
[EventDate "1985.09.22"]
[EventType "team-tourn"]
[EventRounds "7"]
[EventCountry "YUG"]
[Source "ChessBase"]
[SourceDate "2000.11.22"]

1. e4 c5 2. Nc3 e6 3. f4 d5 4. Nf3 Nc6 5. Bb5 Nge7 6. O-O dxe4 7. Nxe4 a6 8.
Bxc6+ Nxc6 9. d3 Be7 10. Be3 b6 11. Kh1 O-O 12. Ne5 Bb7 13. Qh5 f6 14. Nxc6
Bxc6 15. f5 exf5 16. Qxf5 Qd5 17. Qxd5+ Bxd5 18. Nc3 Bc6 19. Rae1 Rfe8 20. Bf4
Bf8 21. Kg1 b5 22. Bg3 Rxe1 23. Rxe1 Kf7 24. Kf2 Rd8 25. Kf1 Be7 26. Bf2 Rd7
27. a3 f5 28. Ne2 g5 29. Ng3 Rd5 30. Ne2 Kf6 31. h4 Rd7 32. hxg5+ Kxg5 33. Ng1
c4 34. Nh3+ Kg4 35. Re6 Bb7 36. Be3 Bf8 37. Re8 Bg7 38. b3 cxb3 39. cxb3 Bd5
40. b4 Bb2 41. Nf4 Bf7 42. Ra8 Bxa3 43. Rxa6 Bxb4 44. Rh6 Bd6 45. Rxh7 Bxf4 46.
Rg7+ Bg6 47. Rxg6+ Kh5 48. Re6 Bxe3 49. Rxe3 Kg4 50. Re5 Rb7 51. Ke2 Kf4 52.
Rc5 b4 53. Kd2 b3 54. Kc1 Rd7 55. Kd2 Rb7 56. Kc1 Rg7 57. Kb2 Rxg2+ 58. Kxb3
Kg4 59. Rc8 f4 60. Rf8 f3 61. d4 Re2 62. d5 f2 63. Kc4 Kg3 64. d6 Re4+ 65. Kc5
1/2-1/2

[Event "Mitropa Cup 10th"]
[Site "Arandjelovac"]
[Date "1985.??.??"]
[Round "7"]
[White "Watzka, Horst"]
[Black "Filipovic, Branko"]
[Result "1/2-1/2"]
[WhiteElo "2335"]
[BlackElo "2410"]
[PlyCount "141"]
[EventDate "1985.09.22"]
[EventType "team-tourn"]
[EventRounds "7"]
[EventCountry "YUG"]
[Source "ChessBase"]
[SourceDate "2000.11.22"]

1. e4 c5 2. Nf3 Nc6 3. Bb5 g6 4. O-O Bg7 5. Re1 e5 6. Bxc6 dxc6 7. d3 Qe7 8. a4
Nf6 9. Na3 Nh5 10. Nc4 b6 11. c3 O-O 12. d4 cxd4 13. cxd4 exd4 14. e5 c5 15. a5
Be6 16. Nd6 Bxe5 17. Nf5 Bxf5 18. Nxe5 Be6 19. Bh6 Rfe8 20. Qd2 f6 21. Nd3 Qf7
22. axb6 axb6 23. Rxa8 Rxa8 24. Nf4 Nxf4 25. Bxf4 g5 26. Bg3 Rd8 27. f4 g4 28.
f5 Bxf5 29. Rf1 Rd5 30. Bf4 Be4 31. Bh6 Rf5 32. Rf4 Rxf4 33. Qxf4 Bg6 34. Qd6
Qe8 35. Kf2 Bd3 36. Bf4 h5 37. Qb8 Qxb8 38. Bxb8 c4 39. Ba7 c3 40. bxc3 dxc3
41. Bxb6 c2 42. Be3 Kf7 43. Bc1 Ke6 44. Ke3 Bg6 45. Kd4 g3 46. hxg3 Kf5 47. Ke3
Kg4 48. Kf2 Be4 49. Ba3 Kf5 50. Bb2 Bc6 51. Ba3 Bd5 52. Bb2 Be4 53. Kf1 Bd3+
54. Ke1 Ke6 55. Kd2 Be4 56. Ke3 Kd5 57. Kd2 f5 58. Kc3 f4 59. gxf4 Bxg2 60. f5
Be4 61. f6 Ke6 62. Kd4 Bg2 63. Ke3 Bd5 64. Kd2 Bb3 65. Ke3 Kf5 66. Kf3 Bf7 67.
Kf2 Ke4 68. Ke2 Kf4 69. Ba3 Ke5 70. Kd2 h4 71. Bc5 1/2-1/2

[Event "Mitropa Cup 10th"]
[Site "Arandjelovac"]
[Date "1985.??.??"]
[Round "7"]
[White "Zueger, Beat"]
[Black "Schulz, Klaus Juergen"]
[Result "1/2-1/2"]
[WhiteElo "2435"]
[BlackElo "2370"]
[PlyCount "53"]
[EventDate "1985.09.22"]
[EventType "team-tourn"]
[EventRounds "7"]
[EventCountry "YUG"]
[Source "ChessBase"]
[SourceDate "2000.11.22"]

1. c4 Nf6 2. Nc3 c5 3. Nf3 d5 4. cxd5 Nxd5 5. e4 Nxc3 6. bxc3 e6 7. d4 Be7 8.
Bd3 Qa5 9. Bd2 Qc7 10. O-O Nc6 11. d5 Nb8 12. c4 e5 13. Ne1 Bd6 14. Qh5 Nd7 15.
Bc3 O-O 16. f4 f6 17. f5 Nb6 18. Rf3 Qf7 19. Qh4 g5 20. Qf2 Bd7 21. h4 h6 22.
Rg3 Qg7 23. Nf3 Kf7 24. hxg5 hxg5 25. Nh4 Rh8 26. Ng6 Rh6 27. Rh3 1/2-1/2

[Event "Mitropa Cup 11th"]
[Site "Muerren"]
[Date "1987.??.??"]
[Round "1"]
[White "Bricard, Emmanuel"]
[Black "Titz, Heimo"]
[Result "1-0"]
[WhiteElo "2350"]
[BlackElo "2290"]
[PlyCount "80"]
[EventDate "1987.09.26"]
[EventType "team-tourn"]
[EventRounds "5"]
[EventCountry "SUI"]
[Source "ChessBase"]
[SourceDate "2000.11.22"]

1. f4 Nf6 2. Nf3 d5 3. e3 g6 4. b4 Bg7 5. Bb2 O-O 6. c4 c6 7. Be2 a5 8. b5 c5
9. O-O Nbd7 10. Na3 Nb6 11. Rc1 dxc4 12. Nxc4 Nxc4 13. Bxc4 Bg4 14. h3 Bxf3 15.
Qxf3 e6 16. Rfd1 Qb6 17. e4 Ne8 18. e5 Nc7 19. d4 Rfd8 20. Qf2 Bf8 21. f5 cxd4
22. Kh1 Bc5 23. f6 d3 24. Qh4 Rd7 25. Rxd3 Rad8 26. Rxd7 Rxd7 27. a4 Nd5 28.
Bb3 Ne3 29. Qf4 Rd3 30. Bc4 Rd2 31. Ba1 Rxg2 32. Bf1 Rc2 33. Rxc2 Nxc2 34. Qc1
Ne3 35. Bd4 Nxf1 36. Bxc5 Qc7 37. Kg2 b6 38. Qh6 Qb7+ 39. Kg1 Qh1+ 40. Kxh1
Ng3+ 1-0